[Event "FIDE Online Steinitz Memorial Open"]
[Site "Internet"]
[Date "2020.05.15"]
[Round "6"]
[White "Anton Guijarro, David"]
[Black "Svidler, Peter"]
[Result "0-1"]
[WhiteElo "2590"]
[BlackElo "2754"]
[Annotator "TA"]
[PlyCount "120"]
[EventDate "2020.05.15"]
[EventType "tourn"]
[SourceTitle "playchess.com"]
[Source "ChessBase"]
[SourceQuality "1"]

{[%evp 15,120,31,34,39,30,30,41,36,36,36,47,34,37,38,37,27,64,62,56,29,30,33,39,26,68,64,101,100,150,43,73,77,84,22,12,-9,0,0,0,0,0,-27,-19,-84,0,-7,-2,-42,148,0,0,0,0,0,0,0,0,-8,-8,-8,-8,-8,-8,-8,-8,-133,-133,-166,-8,-14,-8,-8,-8,-8,-8,-8,-8,-8,-8,-134,-134,-134,-133,-134,-134,-29960,-6782,-6606,-6287,-29973,-29974,-29976,-29975,-29976,-29976,-29978,-29979,-29979,-29980,-29981,-29982,-29982,-29983,-29984,-29985,-29987,-29988]} 1. Nf3 g6 2. e4 Nf6 3. Nc3 d6 4. d4 Bg7 5. Be2 O-O 6. O-O Nbd7 7. e5 Ne8 8. Bf4 c6 {8...Nb6 is vanishing.} 9. Re1 {B08: Pirc Defence: Classical System.} dxe5 10. dxe5 Nc7 11. Bg3 {White is slightly better.} Ne6 12. a4 Qa5 13. Bc4 Nb6 14. Ba2 Rd8 15. Qe2 {[#]} Nd5 $146 ({Predecessor:} 15... Bd7 16. Qe4 Nc8 17. b4 Qc7 18. Rad1 a5 19. b5 Nb6 20. Nd4 c5 21. Nf3 c4 {1-0 (40) Fox,A (2112)-Salem,I (2201) London 2001}) 16. Nxd5 cxd5 17. Red1 b6 18. c3 Qc5 19. Nd4 Nxd4 20. Rxd4 Be6 21. Rad1 h5 22. Qb5 (22. c4 $16) 22... a6 23. Qe2 b5 24. a5 (24. axb5 $1 $16 axb5 25. Bb3) 24... Qc7 $11 25. Bxd5 Rxd5 26. Rxd5 Bxd5 27. Rxd5 e6 28. Rd1 Qxa5 29. Bh4 (29. Qd2 $11 {keeps the balance.}) 29... Qa4 (29... b4 $1 $17) 30. g3 Bxe5 31. Rd7 (31. Rd2 $5 {[%cal Re2e5]} Bg7 32. Qf3 $11) 31... Bg7 $2 {[#]} (31... b4 $15 {stays ahead.} 32. Rb7 Rb8 33. Rxb8+ Bxb8) 32. Rxf7 (32. Qf3 $1 $16 {[%mdl 512]} Rf8 33. Be7) 32... Kxf7 33. Qf3+ {[%mdl 64] Double Attack} Kg8 34. Qxa8+ Kh7 35. Kg2 Qa2 36. Qb7 Qd5+ 37. Qxd5 exd5 {[%mdl 4096] Endgame KB-KB} 38. Kf3 d4 39. cxd4 Bxd4 40. b3 {[#]} (40. b4 $1 $11 {was the only way to keep the balance.}) 40... a5 $1 $17 41. Be7 Bb2 $2 (41... Kg8 $19 42. Ke2 Kf7) 42. Ke2 a4 43. bxa4 bxa4 {White must now prevent ...g5.} 44. Kd3 Kg8 45. Kc4 Kf7 46. Bc5 Ke6 47. Kb4 (47. Be3 $11) 47... Kd5 {...a3 is the strong threat.} 48. Be7 a3 {( -> ...a2)} 49. Kb3 Ke4 50. f4 $2 {[%mdl 8192] [#] This costs White the game.} ({But not} 50. Bxa3 $2 Bxa3 51. Kc4 Kf3 $19) (50. h3 $17) 50... Kf3 $1 {[%cal Rf3g2]} 51. Bd6 Kg2 52. h4 Kf3 {Black mates.} 53. Be5 Bc1 54. Bc7 Be3 55. Kxa3 Bf2 56. Kb3 Bxg3 57. Kc4 Bxh4 58. Kd5 Bg3 59. Ke6 h4 60. Kf6 h3 {Accuracy: White = 59%, Black = 75%.} 0-1

[Event "FIDE Online Steinitz Memorial Open"]
[Site "Internet"]
[Date "2020.05.16"]
[Round "7"]
[White "Carlsen, Magnus"]
[Black "Bu, Xiangzhi"]
[Result "1-0"]
[WhiteElo "2887"]
[BlackElo "2760"]
[Annotator "TA"]
[PlyCount "63"]
[EventDate "2020.05.15"]
[EventType "tourn"]
[SourceTitle "playchess.com"]
[Source "ChessBase"]
[SourceQuality "1"]

{[%evp 18,63,33,29,29,0,34,29,29,19,29,17,57,28,36,19,23,8,38,21,19,17,28,31,43,57,339,335,419,420,410,420,566,548,515,490,1109,976,1347,1276,29991,29983,29986,29981,29978,29978,29993,29994]} 1. e4 e5 2. Nf3 Nf6 3. Nc3 Bb4 4. Nxe5 O-O 5. Nd3 Bxc3 6. dxc3 Nxe4 7. Nf4 Re8 8. Be2 d6 9. O-O Nd7 10. c4 Ndc5 {C42: Petroff Defence: 3 Nxe5 and unusual White 3rd moves.} 11. f3 Nf6 12. b3 Qe7 {...Qe5 is the strong threat.White has an edge.} 13. Rf2 Qe5 14. Rb1 {[#]} a5 $146 ({Predecessor:} 14... Bd7 15. Bf1 Bc6 16. Qd2 Nfe4 17. fxe4 Nxe4 18. Qe3 Nc3 19. Qxe5 dxe5 20. Ra1 exf4 21. Bxf4 {0-1 (64) Artemiev,V (2709)-Firouzja,A (2607) St Petersburg 2018}) 15. Qd2 h6 16. Bb2 Qg5 17. Bf1 Ne6 18. Nd5 Nxd5 19. cxd5 Nf4 {White must now prevent ...Nh3+.} 20. Kh1 Nxd5 21. f4 $1 $36 {[%cal Rf4g5][%mdl 2048] White has the initiative.} Qf5 $2 {[%mdl 8192] [#] Black cannot hold the game after this.} (21... Qh4 $14) 22. g4 $1 $18 {[%cal Rg4f5][%mdl 512]} Qe6 (22... Qxg4 23. Qxd5) 23. Re2 Ne3 24. Bg2 Qxg4 25. Rxe3 Rxe3 26. Qxe3 Bf5 (26... Qe6 $142 27. Qc3 {[%mdl 64] Double Attack} f6 28. Qxc7 Kh8) 27. Rg1 Qh5 28. Bxb7 Rb8 29. Bf3 {White mates.} Qh4 30. Bxg7 Bg6 31. Bc3 Qh3 {[#]} 32. Rxg6+ $1 {Accuracy: White = 90%, Black = 39%.} 1-0

[Event "FIDE Online Steinitz Memorial Open"]
[Site "Internet"]
[Date "2020.05.16"]
[Round "7"]
[White "Svidler, Peter"]
[Black "Grischuk, Alexander"]
[Result "1-0"]
[WhiteElo "2754"]
[BlackElo "2765"]
[Annotator "TA"]
[PlyCount "139"]
[EventDate "2020.05.15"]
[EventType "tourn"]
[SourceTitle "playchess.com"]
[Source "ChessBase"]
[SourceQuality "1"]

{[%evp 9,139,24,37,17,30,12,12,8,47,41,60,33,54,0,25,29,43,49,59,47,82,60,62,64,89,0,0,8,18,18,16,-8,0,8,35,7,9,0,0,0,0,0,0,4,9,0,0,0,0,0,40,41,43,50,49,0,0,-55,-54,-56,-45,-50,-16,-18,-14,-63,-54,-61,-56,-58,0,0,0,0,0,0,116,0,8,8,8,0,17,8,8,10,14,8,8,8,8,8,51,8,8,0,47,0,0,0,0,0,0,0,0,0,0,8,8,-8,8,8,8,8,8,-973,1703,1423,29979,29980,29984,29985,29986,29985,29985,29986,29986,29987,29987,29988,29988,29989]} 1. Nf3 d5 2. g3 Nc6 3. d4 Bg4 4. Bg2 e6 5. O-O Bd6 6. Nbd2 {D02: 1 d4 d5 2 Nf3 sidelines, including 2...Nf6 3 g3 and 2...Nf6 3 Bf4.} Nf6 7. c4 O-O 8. b3 {[#] The position is equal.} Nb8 $146 ({Predecessor:} 8... Ne4 9. Bb2 f5 10. Ne1 Qg5 11. Nxe4 fxe4 12. f3 Bf5 13. Qc1 Qg6 14. Qe3 h5 15. fxe4 dxe4 {1-0 (48) Meskovs,N (2558)-Koykka,P (2372) Stockholm 2019}) 9. h3 Bh5 10. g4 Bg6 11. Nh4 (11. Ne5 $14) 11... c6 (11... Be4 $5) 12. Nxg6 hxg6 13. e3 Nbd7 14. g5 Nh5 15. Qg4 f5 16. gxf6 Qxf6 17. f4 (17. Nf3 $16) 17... Qf5 $11 18. Nf3 Ndf6 19. Qxf5 gxf5 20. Ng5 Rfe8 21. Kf2 a5 22. a3 c5 23. Bb2 a4 24. dxc5 Bxc5 {Threatens to win with ...Nxf4.} 25. Bxf6 Nxf6 26. b4 Ba7 27. c5 b6 28. cxb6 Bxb6 29. Rac1 Rac8 (29... e5 $5 30. Rc6 $8 Rab8 $11) 30. Ke2 Kf8 31. Nxe6+ Kf7 32. Nc5 d4 $1 33. Kd3 (33. Kf2 $11) 33... Rxe3+ $15 34. Kxd4 Rxa3 35. Kc4 Rg3 36. Bb7 Rc7 {White must now prevent ...Bxc5.} 37. Ba8 Rxh3 38. Kb5 {[%mdl 64] [#] Double Attack} Bxc5 39. Rxc5 Ra7 (39... Rxc5+ $15 40. Kxc5 a3) 40. Bc6 $11 a3 41. Rxf5 a2 42. Ra1 Rc3 {[#]} (42... Rh2 $11) 43. Rc5 (43. Rxa2 $1 $16 {[%mdl 512]} Rxa2 44. Bd5+ {[%mdl 64] Double Attack} Ke7 45. Bxa2) 43... Rb3 {Strongly threatening ...Rb1.} 44. Rc2 Rba3 $132 {[%mdl 2048] Black is not keeping still} 45. Kb6 R7a6+ 46. Kc5 Ke6 47. b5 R6a5 48. Re2+ Kf5 $1 49. Kd6 Rd3+ 50. Kc7 Rc3 51. Kb6 Rca3 52. Kc7 Rc3 53. b6 Rac5 54. Re5+ $1 Rxe5 55. fxe5 {[%mdl 4096] Endgame KRB-KRN} Nd5+ $1 56. Kb7 Nb4 57. Be8 Ra3 {Hoping for ...Nc2.} 58. Kc8 {aiming for b7.} Nc2 ({Much weaker is} 58... Kxe5 $6 59. b7 $16) 59. Rf1+ Kg5 60. b7 Rc3+ 61. Kd8 Rb3 62. Bc6 $2 {[%mdl 8192]} (62. Kc7 $11 Rc3+ 63. Kd6 Rd3+ 64. Kc5 Rc3+ 65. Kd6 Rd3+ 66. Kc7 Rc3+ 67. Kd6) 62... a1=Q $4 {[%mdl 8192]} (62... Rb1 $19 63. Bg2 Nb4) 63. Rxa1 $18 Nxa1 64. e6 {White mates.} Nc2 65. e7 Rd3+ 66. Kc7 Re3 67. e8=Q Rxe8 68. Bxe8 Nb4 69. Bb5 Nd5+ 70. Kd6 {Accuracy: White = 78%, Black = 73%.} 1-0

[Event "FIDE Online Steinitz Memorial Open"]
[Site "Internet"]
[Date "2020.05.16"]
[Round "7"]
[White "Dubov, Daniil"]
[Black "Xiong, Jeffery"]
[Result "1-0"]
[WhiteElo "2720"]
[BlackElo "2724"]
[Annotator "TA"]
[PlyCount "77"]
[EventDate "2020.05.15"]
[EventType "tourn"]
[SourceTitle "playchess.com"]
[Source "ChessBase"]
[SourceQuality "1"]

{[%evp 14,77,20,5,25,27,30,-14,0,0,0,-9,-20,-72,-62,-72,-59,-78,-84,-82,-20,-24,177,169,194,178,191,193,198,204,211,194,204,190,189,106,140,106,262,254,344,265,389,387,495,480,477,436,529,602,585,606,591,585,631,535,881,882,1009,983,2101,929,29981,29980,29979,29980]} 1. Nf3 Nf6 2. c4 c5 3. g3 b6 4. Bg2 Bb7 5. O-O g6 6. b3 Bg7 7. Bb2 O-O 8. e3 Na6 {[%cal Bb8a6,Ba6b4,Bb4d3][%mdl 32] A30: Symmetrical English: Double Fianchetto and Hedgehog.} 9. Qe2 d5 10. cxd5 Nb4 {[#] The position is equal.} 11. Na3 $146 ({Predecessor:} 11. d3 Nbxd5 12. Rd1 Qc7 13. Na3 Rfd8 14. Rac1 Ba6 15. Be5 Qd7 16. Ne1 Rac8 17. Qb2 {0-1 (29) Mulenko,A (2114)-Shmarina,D (1865) Kostroma 2010}) 11... Qxd5 12. Nc4 Qd3 13. Qxd3 (13. Qd1 $11 {keeps the balance.} Qf5 14. d4) 13... Nxd3 $17 14. Bc3 Rfd8 15. a4 Rab8 16. Nfe5 Bxg2 ({Black should play} 16... Ne4 $17 17. Nxd3 Nxc3) 17. Kxg2 $11 {White wants to play Nc6.} Ne4 $2 (17... Nxe5 $11 {and Black has nothing to worry.} 18. Bxe5 Rbc8) 18. Nc6 $1 $18 {[%csl LRa7,LRb8,LRd8,LRe7][%mdl 64] [#] Double Attack} Bxc3 19. dxc3 Nxc3 20. Nxe7+ ({Much less strong is} 20. Nxb8 $6 Rxb8 21. Na3 a6 $16) ({Not} 20. Nxd8 Rxd8 21. f4 f6 $14) 20... Kg7 {And now ...Rd7 would win.} 21. Nc6 $1 {[%csl LRa7,LRb8,LRd8][%mdl 64] Double Attack} Rbc8 22. Nxd8 Rxd8 23. g4 f5 24. h3 (24. gxf5 $18 gxf5 25. f4) 24... Kf6 25. f4 Ke6 $2 (25... Nb4 $16) 26. Kf3 Rf8 27. g5 Rh8 (27... Nb4 $142 28. h4 Rd8) 28. h4 h6 {[#]} 29. Rad1 $1 {[%mdl 512]} Nxd1 30. Rxd1 {[%mdl 4096] Endgame KRN-KRN} Nb4 31. Rd6+ Ke7 32. Rxg6 hxg5 33. hxg5 Nc2 34. Nd6 Rh3+ 35. Kg2 Rh5 36. Nxf5+ Kd7 37. Kf3 (37. Rh6 $142 Nb4 38. Rxh5) 37... Na1 38. Rd6+ Kc7 39. Rh6 {Accuracy: White = 66%, Black = 32%.} 1-0

[Event "FIDE Online Steinitz Memorial Open"]
[Site "Internet"]
[Date "2020.05.16"]
[Round "7"]
[White "Mamedyarov, Shakhriyar"]
[Black "Korobov, Anton"]
[Result "1/2-1/2"]
[WhiteElo "2716"]
[BlackElo "2667"]
[Annotator "TA"]
[PlyCount "120"]
[EventDate "2020.05.15"]
[EventType "tourn"]
[SourceTitle "playchess.com"]
[Source "ChessBase"]
[SourceQuality "1"]

{[%evp 9,120,10,12,18,8,-1,6,-26,34,22,39,45,36,35,50,0,18,4,12,-15,-43,-142,-163,-183,-171,-178,-166,-173,-169,-182,-174,-187,-184,-171,-58,-35,-5,-68,-55,-83,0,0,0,0,0,0,0,0,0,0,216,216,214,191,284,55,55,55,55,55,55,55,63,55,63,55,55,55,55,55,55,55,55,55,55,55,55,55,55,48,48,48,48,48,48,48,48,48,48,48,55,14,48,48,48,48,48,48,48,48,48,48,48,48,48,48,48,0,48,0,48,0,48]} 1. d4 Nf6 2. c4 g6 3. Nf3 Bg7 4. Nc3 d6 5. Bg5 h6 6. Bd2 {E61: King's Indian: Early deviations for White, including Smyslov System.} O-O 7. Qc1 Kh7 8. h4 {[#]} Nc6 $146 (8... Nh5 $11) ({Predecessor:} 8... Bg4 9. h5 Bxh5 10. Nh2 g5 11. Nf3 Kg8 12. Nxg5 hxg5 13. Bxg5 Bg6 14. Bh6 Bh8 {1-0 (99) Mamedyarov,S (2817)-Demchenko,A (2679) chess.com INT 2019}) 9. d5 $14 Ne5 10. Nxe5 dxe5 11. Qc2 h5 12. O-O-O c6 13. e4 cxd5 14. exd5 b5 15. cxb5 (15. c5 $1 $15) 15... Bf5 $36 {[%mdl 2048] Black is on the roll.} 16. Bd3 {[#]} e4 $1 {[%cal Re4d3]} 17. Nxe4 Bxe4 18. Bxe4 {[#]} Rc8 $1 19. Bc3 Nxe4 20. Qxe4 Bxc3 21. bxc3 Qa5 (21... Rxc3+ $19 22. Kb1 Qa5) 22. Rh3 $15 Qxa2 23. Qc2 ({Don't blunder} 23. Qxe7 $2 Rce8 $19) (23. Rf3 $11) 23... Qa5 24. c4 Qa1+ (24... Rc5 $17 {aiming for ...Rfc8.} 25. Rdd3 a6) 25. Kd2 $11 Qd4+ 26. Ke1 Qxc4 27. Qxc4 Rxc4 {[%mdl 4096] Endgame KRR-KRR} 28. Ra3 Rc7 29. Rda1 Rd8 $2 (29... Rb7 $11 {and Black stays safe.}) 30. Rxa7 $18 Rxa7 31. Rxa7 Rxd5 (31... Kg7 $142) 32. Rxe7 $2 (32. b6 $18) 32... Rxb5 $14 33. Rxf7+ $18 {KR-KR} Kh6 34. Rc7 Rb1+ 35. Ke2 Rb2+ 36. Ke3 Rb3+ 37. Kd2 Rb2+ 38. Rc2 $1 {[%cal Rc2b2]} Rb4 39. g3 Kg7 40. Kd3 Kf6 41. Rc4 Rb2 42. Ke3 Rb3+ 43. Kf4 Rb6 44. Rc5 Ra6 45. Rd5 Ra4+ 46. Ke3 Ra3+ 47. Ke4 Ra4+ 48. Rd4 Ra6 49. Rc4 Rb6 50. Kd5 {Rc6+ is the strong threat.} Rb2 51. Rf4+ Kg7 52. Ke4 Rb4+ 53. Kf3 Rb3+ 54. Kg2 Ra3 55. Rf3 Ra2 56. Rc3 Ra6 57. Rc7+ Kf6 58. Rc3 Kg7 59. Rc7+ Kf6 60. Rc3 Kg7 {Never resign too early! Accuracy: White = 77%, Black = 82%.} 1/2-1/2

[Event "FIDE Online Steinitz Memorial Open"]
[Site "Internet"]
[Date "2020.05.16"]
[Round "7"]
[White "Le, Quang Liem"]
[Black "Anton Guijarro, David"]
[Result "1/2-1/2"]
[WhiteElo "2690"]
[BlackElo "2590"]
[Annotator "TA"]
[PlyCount "116"]
[EventDate "2020.05.15"]
[EventType "tourn"]
[SourceTitle "playchess.com"]
[Source "ChessBase"]
[SourceQuality "1"]

{[%evp 15,116,23,20,31,34,34,32,36,37,33,49,49,52,56,59,46,43,40,39,43,32,29,64,35,29,25,28,46,32,33,95,31,27,38,60,0,0,0,0,0,0,0,0,0,0,0,0,0,0,0,369,351,311,0,0,0,0,-115,-118,-286,-293,-272,-271,-255,-240,-344,-347,-394,-83,-79,5,0,3,0,0,0,281,0,0,-39,-54,-34,0,0,0,0,0,0,0,0,0,0,0,0,0,0,0,0,0,0,0,0,0]} 1. d4 f5 2. c4 Nf6 3. g3 g6 4. Bg2 Bg7 5. Nc3 O-O 6. Nf3 d6 7. O-O c6 8. Qb3 {Recently 8.b3 got a lot of attention.} Na6 9. Rd1 {A88: Dutch Defence: Leningrad System: 5 Nf3 0-0 6 0-0 d6 7 Nc3 c6.} Kh8 10. d5 Nc5 {[#]} 11. Qa3 $146 {White is slightly better.} ({Predecessor:} 11. Qc2 e5 12. dxe6 Qe7 13. Bf4 Rd8 14. Ng5 Bxe6 15. Nxe6 Nxe6 16. Qd2 Nxf4 17. Qxf4 {0-1 (42) Nordby,B (2009)-Krieger,H (2120) Bad Wiessee 2012}) 11... Bd7 12. Be3 Nfe4 13. Bd4 Bxd4 14. Nxd4 cxd5 15. cxd5 Nf6 $1 16. b4 Nce4 17. Nxe4 fxe4 18. Qb2 Kg8 19. Rac1 Qb6 20. e3 a5 21. b5 Rac8 22. Qb1 Bf5 (22... Bg4 $14) 23. h3 ({Better is} 23. Nxf5 $16 gxf5 24. Rxc8 Rxc8 25. Bh3) 23... h5 $1 $14 24. a4 Kh7 25. Ne2 ({White should play} 25. g4 $14 hxg4 26. hxg4 Bxg4 27. Bxe4 Bxd1 28. Rxd1) 25... Kg7 $11 26. Qa1 Rc5 27. Rxc5 Qxc5 28. Nf4 {aiming for Bxe4!} Rc8 29. Bxe4 $1 {[%mdl 64] [#] Pin} Qc3 30. Bxf5 gxf5 31. Qb1 Qc2 32. Ne6+ Kf7 $2 {[%mdl 8192]} (32... Kg6 $1 $11) 33. Qxc2 Rxc2 $18 {[%mdl 4096] Endgame KRN-KRN} 34. Nd4 $2 (34. Nd8+ $18 Kg6 35. Nxb7) 34... Ra2 35. Nxf5 Rxa4 36. Kg2 (36. f3 $1 $11) 36... Rb4 $17 37. g4 $2 (37. Ra1 $17) 37... hxg4 $19 38. hxg4 Rxg4+ ({Less strong is} 38... Nxg4 39. f3 $17) ({Not} 38... Rxb5 39. f3 $17) 39. Kf3 {[#] Nh6+ is the strong threat.} Rb4 40. Rc1 (40. Ra1 {was called for.}) 40... Nxd5 41. e4 Nf6 $2 (41... Rb3+ $19 {and Black stays clearly on top.} 42. Ke2 Nc3+ 43. Ke1 Nxe4) 42. Rc7 $17 Ng8 (42... Nxe4 $17 {And now ...Ke6 would win.} 43. Rxb7 Nc5) 43. Rxb7 Kf6 44. b6 a4 45. Rb8 e6 $2 {[%mdl 8192]} (45... Kf7 $11 {and Black is okay.}) 46. Rf8+ $2 (46. Nxd6 $18 Ne7 47. b7) 46... Ke5 $11 47. Ne3 Nf6 48. Ra8 d5 ({Avoid the trap} 48... Rxe4 $2 49. b7 $18) 49. exd5 {The position is equal.} Nxd5 50. b7 Rxb7 51. Rxa4 Rf7+ 52. Kg2 Nxe3+ 53. fxe3 {KR-KR} Kd5 54. Rd4+ Ke5 55. Rb4 Rf8 56. Ra4 Kd5 57. Rd4+ Ke5 58. Rb4 Kd5 {And White is the lucky defender. Accuracy: White = 75%, Black = 76%.} 1/2-1/2

[Event "FIDE Online Steinitz Memorial Open"]
[Site "Internet"]
[Date "2020.05.16"]
[Round "8"]
[White "Carlsen, Magnus"]
[Black "Xiong, Jeffery"]
[Result "1-0"]
[WhiteElo "2887"]
[BlackElo "2724"]
[Annotator "TA"]
[PlyCount "135"]
[EventDate "2020.05.15"]
[EventType "tourn"]
[SourceTitle "playchess.com"]
[Source "ChessBase"]
[SourceQuality "1"]

{[%evp 9,135,-15,-10,-56,-50,-40,-47,-72,-70,-83,-60,-67,0,0,0,0,12,0,50,18,23,19,19,12,20,16,25,11,5,15,23,18,18,25,19,19,22,9,20,16,35,27,29,27,91,96,121,52,51,54,52,45,56,39,74,52,71,66,100,55,90,55,77,78,90,86,91,27,22,38,143,100,106,29,20,22,41,35,63,57,67,47,24,22,33,0,612,94,94,55,94,0,0,0,0,0,94,0,0,0,0,0,0,0,0,0,0,0,114,122,42,130,116,127,131,155,510,509,637,628,1085,1000,6383,6311,6119,6119,29983,29982]} 1. d4 Nf6 2. Nf3 d5 3. Bf4 Bf5 4. e3 e6 5. Ne5 Nfd7 {[#]} 6. c4 $146 {D02: 1 d4 d5 2 Nf3 sidelines, including 2...Nf6 3 g3 and 2...Nf6 3 Bf4.} (6. g4 {with more complications.} Be4 7. f3 Bg6 8. Nxg6 hxg6 9. Nc3) ({Predecessor:} 6. g4 Bg6 7. Nxg6 hxg6 8. c4 dxc4 9. Bxc4 Nb6 10. Bb3 Bd6 11. Qf3 Qf6 12. Nd2 Bxf4 13. Ne4 {0-1 (50) Olcum,A (2320)-Eren,A (2171) Antalya 2019}) 6... Nxe5 7. Bxe5 Nc6 8. Bg3 {Black is slightly better.} Nb4 9. Na3 c6 10. Be2 {[#]} Be7 (10... h5 $1 $15 {[%mdl 512]} 11. h4 (11. Bxh5 Nd3+) 11... Bd6) 11. O-O $11 O-O 12. Qd2 a5 13. Rfc1 b6 14. cxd5 exd5 15. Nb1 {White wants to play a3.} Qd7 16. Nc3 Na6 17. a3 Qb7 18. Bd3 Bxd3 19. Qxd3 Rfc8 20. Rc2 Nc7 21. Bxc7 Rxc7 22. Rac1 Rac8 23. Qf5 Bd6 24. g3 b5 25. a4 b4 26. Ne2 b3 (26... g6 $11 {keeps the balance.} 27. Qf6 Be7) 27. Rc3 $16 Qb4 28. Qd3 (28. Ra1 $1 $16) 28... Qxa4 $14 29. Rxb3 Bb4 30. Nf4 g6 31. h4 Rd7 32. Kg2 Kg7 33. h5 Rb8 34. Rh1 Rd6 35. Qd1 Rf6 36. Nd3 Qb5 37. h6+ Kg8 38. Qc2 (38. Nc5 $1 $16) 38... Qc4 $11 39. Rc1 Qa6 (39... Qxc2 $14 40. Rxc2 g5) 40. Ne5 {Strongly threatening Nd7.} Rc8 41. Qd3 (41. e4 $16) 41... Qb7 $1 42. Qd1 Qe7 43. Qg4 Rc7 44. Nd3 Rf5 45. Nxb4 axb4 46. Rc5 Qf6 47. Qe2 {Hoping for g4.} Rb7 $2 {[%mdl 8192]} (47... Rh5 $11) 48. Ra5 $2 (48. g4 $18 {and the rest is easy.}) 48... Qd8 $16 49. Ra4 Rh5 {[#]} 50. Raxb4 (50. Qa6 $1 $16 {[%cal Ra6b7]} Qc8 51. Qa8 {[%mdl 64] Back Rank} (51. Kg1 Rxh6 52. Qe2 Qf5 $17)) 50... Rxb4 $11 51. Rxb4 Rxh6 $16 {[%mdl 4096] Endgame KQR-KQR} 52. Qf3 Kg7 {[#]} (52... Qe7 $11 53. Rb8+ Kg7) 53. Qf4 ({White should play} 53. Rb7 $1 $16 {[%mdl 512]} Qe8 54. Qf4) 53... Qd7 $11 54. Qe5+ f6 55. Qb8 $40 {[%mdl 128] White is up to no good.} Qh3+ 56. Kf3 Qf5+ 57. Ke2 {Threatening mate with Rb7+.} Qc2+ 58. Kf3 {[%cal Rb4b7]} Qd1+ (58... Qe4+ $11 59. Ke2 Qc2+ 60. Kf3 Qe4+ 61. Ke2 Qc2+) 59. Kf4 $16 {[%cal Rb4b7]} g5+ 60. Kf5 {[%cal Rb4b7]} Qd3+ 61. Ke6 {Rb7+ would kill now.} Qe4+ 62. Kd7 f5 $2 {This move loses the game for Black.} (62... Kf7 $16) 63. Qe5+ $18 Kf7 64. Rb8 Qxe5 65. dxe5 Re6 {[#]} 66. Rf8+ $1 {[%mdl 576] Deflection} Kxf8 67. Kxe6 f4 68. Kd7 {Accuracy: White = 66%, Black = 58%.} 1-0

[Event "FIDE Online Steinitz Memorial Open"]
[Site "Internet"]
[Date "2020.05.16"]
[Round "8"]
[White "Svidler, Peter"]
[Black "Dubov, Daniil"]
[Result "0-1"]
[WhiteElo "2754"]
[BlackElo "2720"]
[Annotator "TA"]
[PlyCount "82"]
[EventDate "2020.05.15"]
[EventType "tourn"]
[SourceTitle "playchess.com"]
[Source "ChessBase"]
[SourceQuality "1"]

{[%evp 17,82,-24,-15,-25,22,23,49,17,54,21,52,29,29,29,26,0,0,0,2,23,8,11,18,0,50,44,62,45,131,109,124,120,93,74,93,73,72,-8,-8,-8,16,18,16,0,0,0,0,0,0,0,0,0,0,0,0,0,0,0,227,222,209,54,54,54,53,-1873,-1653]} 1. Nf3 d5 2. d3 Nf6 3. Nbd2 Nc6 4. e4 e5 5. c3 a5 6. Be2 Be7 7. O-O O-O 8. Re1 Re8 9. Qc2 Bc5 10. h3 {C44: Ponziani Opening and Scotch Gambit.} dxe4 11. dxe4 {[#]} Be6 $146 ({Predecessor:} 11... Nh5 12. Nc4 Qf6 13. Be3 Bf8 14. Ncd2 Nf4 15. Bf1 h6 16. Kh2 Bd7 17. g3 Ne6 {½-½ (65) Yeap,E (2137)-Sonjaya,D (2292) Penang 2013}) 12. Nc4 {White is slightly better.} Qe7 13. Bf1 Rad8 14. Ne3 h6 15. a3 Ra8 16. b3 Red8 17. Bb2 {[#]} a4 $1 {[%mdl 512]} 18. b4 (18. bxa4 Bxe3) 18... Bb3 19. Qe2 Bxe3 20. Qxe3 Nd7 21. c4 Nb6 22. Rac1 {And now b5 would win.} Qf6 (22... Nd7 $14) 23. c5 Nc8 24. b5 Nd4 25. Nxd4 exd4 26. Qg3 c6 27. Re3 ({White should play} 27. b6 $16) 27... Ne7 $11 28. Rf3 Qg5 29. Qxg5 hxg5 30. Rd3 cxb5 31. Rxd4 Rxd4 32. Bxd4 Nc6 33. Bc3 $1 $36 {[%mdl 2048] White is more active.} Bc4 34. Rb1 {Threatens to win with Bxc4.} Rd8 35. f3 Bxf1 36. Kxf1 {[%mdl 4096] Endgame KRB-KRN} Rd3 37. Rc1 $1 Nd4 $2 (37... f5 $11) 38. Bxd4 $1 $18 Rxd4 {[#]} 39. Rb1 $2 ({Only move:} 39. Ke2 $1 $18) 39... Rd3 $14 {Threatening ...Rb3.} 40. Rxb5 Rb3 41. Rxb7 $2 {[%mdl 8192]} (41. Rb6 $14) 41... Rxb7 {Accuracy: White = 63%, Black = 72%.} 0-1